| 000 | 00919nam a2200265 i 4500 | ||
|---|---|---|---|
| 001 | 184943 | ||
| 003 | SpMaBN | ||
| 005 | 20230906222319.0 | ||
| 008 | 160224r1984 ag |||| | spa d | ||
| 020 | _a950-511-038-3 | ||
| 080 | _a165 | ||
| 100 | 1 |
_aBerkeley, George. _928043 |
|
| 245 | 1 | 0 |
_aPrincipios del conocimiento humano / _cGeorge Berkeley ; traducción del inglés por Pablo Masa ; prólogo de Luis Rodríguez Aranda. |
| 250 |
_a2ª ed. _b2ª reimp. |
||
| 260 |
_aBuenos Aires : _bAguilar, _c1984. |
||
| 300 |
_a185 p. ; _c19 cm. |
||
| 490 | 1 | _aBiblioteca de iniciación filosófica | |
| 504 | _aReferencias bibliográficas. | ||
| 650 | 7 |
_aEpistemología. _912338 |
|
| 700 | 1 |
_aMasa, Pablo. _978655 |
|
| 700 | 1 |
_aRodríguez Aranda, Luis. _998344 |
|
| 830 | 0 |
_aBiblioteca de iniciación filosófica _9181447 |
|
| 852 |
_aES-MaACL _jL-30215 _z. - Donat. Miguel A. Velasco |
||
| 999 |
_c184943 _d184943 |
||